Movie Title, Song Title or Both? Quiz Stats

 Plays Quiz Updated Aug 15, 2018

Score 0/20 Timer 03:00
0 Plays Today
Question Answer Wrong Answers
Saving Private Ryan Movie Title
94.5%
Song Title
0.9%
Movie and Song Title
1.2%
How to Train Your Dragon Movie Title
90.8%
Song Title
1.5%
Movie and Song Title
4.4%
Pulp Fiction Movie Title
90.1%
Song Title
2%
Movie and Song Title
4.5%
White Christmas Movie and Song Title
89%
Movie Title
2.1%
Song Title
5.5%
A Clockwork Orange Movie Title
88.1%
Song Title
2.7%
Movie and Song Title
5.7%
My Girl Movie and Song Title
87.5%
Movie Title
2.1%
Song Title
7%
We Didn't Start the Fire Song Title
85.2%
Movie Title
3.6%
Movie and Song Title
7.8%
Y.M.C.A. Song Title
82.1%
Movie Title
2.7%
Movie and Song Title
11.8%
How Deep Is Your Love Song Title
82.1%
Movie Title
2.1%
Movie and Song Title
12.4%
I Want It That Way Song Title
81.3%
Movie Title
2.8%
Movie and Song Title
12.5%
Bad Boys Movie and Song Title
76.3%
Movie Title
16%
Song Title
4.2%
Lean On Me Movie and Song Title
73.4%
Movie Title
1.9%
Song Title
21.4%
All I Have to Do Is Dream Song Title
72.5%
Movie Title
6.2%
Movie and Song Title
17.6%
Enter Sandman Song Title
69.7%
Movie Title
12.1%
Movie and Song Title
14.8%
Breakfast at Tiffany's Movie and Song Title
68.9%
Movie Title
26.2%
Song Title
1.6%
The Lion King Movie Title
67.7%
Song Title
2.8%
Movie and Song Title
26.4%
Sparks Fly Song Title
64.1%
Movie Title
13.6%
Movie and Song Title
18.6%
Across the Universe Movie and Song Title
58.6%
Movie Title
18.7%
Song Title
19.1%
Alfie Movie and Song Title
48.2%
Movie Title
43.4%
Song Title
4.9%
Cinderella Man Movie and Song Title
26.7%
Movie Title
61.8%
Song Title
8.2%

You're not logged in!

Compare scores with friends on all Sporcle quizzes.
OR
Log In

Sporcle TV

Today on Sporcle TV


Watch our educational content, quiz creation guides, and fun videos on Sporcle TV.

Show Comments

Extras

Top Quizzes Today


Score Distribution

Your Account Isn't Verified!

In order to create a playlist on Sporcle, you need to verify the email address you used during registration. Go to your Sporcle Settings to finish the process.

Report this User

Report this user for behavior that violates our Community Guidelines.

Details: